000 00259nam a22001217a 4500
003 SGT
082 _a823
_bHAR
100 _aHARDY THOMAS
245 _aFAR FROM THE MADDING CROWD
260 _aU.K
_bWORDSWORTH PUB
_c1993
300 _a423
942 _2ddc
_cBK
999 _c33747
_d33747